Waltham Forest train stations - Statistics

General Stats
  • This quiz has been taken 6 times
  • The average score is 10 of 12
Answer Stats
Line Answer % Correct
Victoria, Suffragette Blackhorse road
100%
Weaver Chingford
100%
Weaver Highams park
100%
Central Leyton
100%
Central Leytonstone
100%
Victoria, Weaver Walthamstow Central
100%
Suffragette Walthamstow queens road
100%
Suffragette Leyton midland road
67%
Weaver St James street
67%
Weaver Wood street
67%
National Rail Lea Bridge
50%
Suffragette Leytonstone high road
50%
No matching quizzes found
Score Distribution
Percent of People with Each Score
Percentile by Number Answered
Your Score History
You have not taken this quiz